| 000 | 00644nam a2200241Ia 4500 | ||
|---|---|---|---|
| 008 | 160901s9999 xx 000 0 und d | ||
| 020 | _a978-981-4410-01-4 | ||
| 050 | _aComSc QA 76.9 | ||
| 050 | _b.D3P73 2012 | ||
| 100 | _aPratt, Philip J. | ||
| 245 | _aConcepts of database management / | ||
| 245 | _cPhilip J. Pratt, Joseph J. Adamski. | ||
| 250 | _a7th Edition | ||
| 260 | _aSingapore : | ||
| 260 | _bCengage Learning Asia Pte Ltd., | ||
| 260 | _c2012 | ||
| 300 | _a415 pages : | ||
| 300 | _bill. ; | ||
| 300 | _c25 cm. | ||
| 500 | _aIncludes index. | ||
| 650 | _aDatabase management. | ||
| 650 | _xRelational databases. | ||
| 999 |
_c300924 _d300924 |
||